MARC

LEADER 00000nam0a2200000 4500
001 77353
005 20231031092823.0
035 |a (RuTPU)RU\TPU\book\82953 
090 |a 77353 
100 |a 20050519d1960 k y0rusy50 ca 
101 0 |a rus 
102 |a RU 
105 |a a z 001zy 
200 1 |a Современные модели атомного ядра  |f П. Э. Немировский 
210 |a Москва  |c Атомиздат  |d 1960 
215 |a 302 с.  |c ил. 
320 |a Библиогр.: с. 291-300. 
610 1 |a атомное ядро 
610 1 |a модели 
610 1 |a свойства 
610 1 |a оболочечная модель 
610 1 |a радиационные переходы 
610 1 |a теоретические исследования 
675 |a 539.152.1  |v 3 
700 1 |a Немировский  |b П. Э.  |g Павел Эммануилович 
801 1 |a RU  |b 63413507  |c 20050519  |g PSBO 
801 2 |a RU  |b 63413507  |c 20210526  |g PSBO 
942 |c BK